El Riu pam a pam : un apropament ecològic a l'organització de la vida als rius / text, Narcís Prat i Fornells, M. dels Àngels Puig i Garcia un apropament ecològic a l'organització de la vida als rius / text, Narcís Prat i Fornells, M. dels Àngels Puig i Garcia
ISBN:
84-500-7663-3
Descripción Física:
47 p. : il. ; 16 x 21 cm
Otros Autores:
Puig, Ma. Àngels (Maria Àngels)
MARC
| LEADER | 00000nam a2200000Ia 4500 | ||
|---|---|---|---|
| 001 | 7947 | ||
| 008 | 160829s9999 xx 000 0 cat d | ||
| 020 | |a 84-500-7663-3 | ||
| 080 | |a FU-7-17 | ||
| 100 | 1 | |a Prat i Fornells, Narcís |9 38638 | |
| 245 | |a El Riu pam a pam : |b un apropament ecològic a l'organització de la vida als rius / text, Narcís Prat i Fornells, M. dels Àngels Puig i Garcia | ||
| 260 | |a Barcelona : |b Diputació de Barcelona, Servei del Medi Ambient, DL 1982 | ||
| 300 | |a 47 p. : |b il. ; |c 16 x 21 cm | ||
| 650 | 0 | |a Ecologia fluvial |9 27512 | |
| 650 | |a Biologia d'aigua dolça |9 35474 | ||
| 700 | 1 | |a Puig, Ma. Àngels |q (Maria Àngels) |9 35475 | |
| 710 | 1 | |a Barcelona (Catalunya : Província). |b Servei de Medi Ambient |9 53475 | |
| 901 | |a Arxiu | ||
| 942 | |n 1 | ||
| 952 | |0 0 |1 0 |4 0 |6 FU717 |7 1 |9 46919 |a Arxiu |b Arxiu |d 2016-12-01 |l 0 |o FU-7-17 |p 7947 |r 2016-12-01 00:00:00 |w 2016-12-01 |y ARXIU | ||
| 999 | |c 50712 |d 50712 | ||